Acts of the Apostles Trivia - Statistics

General Stats
  • This quiz has been taken 60 times
  • The average score is 16 of 28
Answer Stats
Chapter Hint Answer % Correct
2 With whom are the disciples filled at Pentacost? The Holy Spirit
97%
28 Where does Paul stay in custody for two years? Rome
91%
7 Who was the first Christian martyr? Stephen
91%
16 Who joins Paul and Silas at Lystra (Paul later writes a letter to him)? Timothy
91%
9 Where was Saul converted? On the road to Damascus
84%
1 Who was added to the eleven apostles, because Judas "left to go where he belongs"? Matthias
81%
12 Who did Herod have put to death with the sword? James the brother of John
78%
11 Where were the disciples first called Christians? Antioch
75%
17 What city was full of idols? Athens
72%
21 To where does Paul return after an absence of several years? Jerusalem
72%
22 Why can't the Roman soldiers flog Paul? He is a Roman citizen
69%
14 Who does the crowd think Paul and Barnabas are after they heal a lame man? Hermes and Zeus
66%
27 Where are Paul and the others shipwrecked? Malta
66%
6 How many men did the Twelve choose to watch over the distribution of food? Seven
66%
15 What were some Jews saying you had to do to be saved? Be circumcised
59%
10 What centurion sent for Peter to hear a message that would save his family? Cornelius
56%
4 What is the name of the assembly of the Jewish leaders? The Sanhedrin
56%
18 Whom did Paul meet in Corinth who were also tentmakers like him? Aquila and Priscilla
41%
24 Who does Paul stand trial under? Felix
38%
26 Who does the above consult to decide Paul's case? King Agrippa
34%
25 Two years later, who does he stand trial under again? Porcius Festus
34%
8 Who was the first Gentile convert? The Ethiopian Eunuch
34%
3 What was the temple gate called where Peter and John healed a man who was lame from birth? Beautiful
31%
13 Where do Paul and Barnabas meet a Jewish sorcerer and false prophet? Cyprus
31%
19 Who starts the riot in Ephesus? Demetrius and his fellow craftsmen
31%
20 Who fell from the window while Paul was speaking and was brought back to life by Paul? Eutychus
28%
5 Who prevented the Jewish leaders from killing the apostles and only had them flogged? Gamaliel
28%
23 To where is Paul transferred, protected by about 500 soldiers? Caesarea
9%
No matching quizzes found
Score Distribution
Percent of People with Each Score
Percentile by Number Answered
Your Score History
You have not taken this quiz